000 00431nam a22001697a 4500
003 NUST - PNEC
005 20170116180929.0
008 150905b xxu||||| |||| 00| 0 eng d
020 _a8185814236
040 _cLIBRARY
082 _a621.31042 DES
100 _98133
_aDeshpande, M. V.,
245 _a Electrical machines
_cM. V. Deshpande
260 _cc.1994
650 _98135
_aElectric machinery
_xME , EE
942 _2ddc
_cBK
999 _c65848
_d65848